banner-ar

تاريخ الطب الصناعى فى مجال الانتاج / (Record no. 61746)

MARC details
000 -الفاتح
حقل البيانات ثابتة الطول 01146nam a22002657a 4500
005 - وقت وتاريخ اخر تعامل مع التسجيلة
رقم الضبط 20240530110514.0
008 - عناصر البيانات ثابتة الطول - معلومات عامة
حقل البيانات ثابتة الطول 160103s2012 ua f 000 0 ara d
017 ## - رقم الايداع القانونى
رقم الايداع القانونى 2011/14991
المصدر ( الهيئة المختصة) مصر . دار الكتب المصرية
020 ## - الرقم الدولى المعيارى للكتب
الرقم الدولى المعيارى للكتاب 9789773279322
040 ## - مصدر الفهرسة
وكالة الفهرسة الأصلية EG-CaGPL
082 04 - رقم تصنيف ديوى العشرى
رقم الطبعة 21
رقم التصنيف 616.9803\
رقم المادة م ت
100 0# - المدخل الرئيسى - إسم شخصى
الإسم الشخصى محمد بكير مصطفى بكير .
245 10 - بيان العنوان
العنوان تاريخ الطب الصناعى فى مجال الانتاج /
بيان المسئوليه,etc اعداد و تاليف محمد بكير مصطفى بكير ؛ المراجعة الطبية حمدى غانم ، فهيم عبدالغنى غانم .
250 ## - بيان الطبعة
بيان الطبعة ط1.
260 ## - PUBLICATION, DISTRIBUTION, ETC. (IMPRINT)
تاريخ النشر أو التوزيع 2012 .
300 ## - الوصف المادى
التعداد 295 ص ؛
أبعاد الوعاء 24 سم .
650 04 - المدخل الاضافى بالموضوع-مصطلح موضوعى
مصطلح موضوعي الطب الصناعى .
650 04 - المدخل الاضافى بالموضوع-مصطلح موضوعى
مصطلح موضوعي التامين .
650 04 - المدخل الاضافى بالموضوع-مصطلح موضوعى
مصطلح موضوعي العمل و العمال
التقسيم الفرعي العام الرعاية الصحية .
650 04 - المدخل الاضافى بالموضوع-مصطلح موضوعى
مصطلح موضوعي اصابات العمل .
700 0# - المدخل الاضافى - اسم شخصى
الإسم الشخصى حمدى غانم .
الدور مراجع .
700 0# - المدخل الاضافى - اسم شخصى
الإسم الشخصى فهيم عبدالغنى غانم
الدور مراجع .
942 ## - عناصر المدخل الإضافي( كوها)
مصدر التصنيف او مخطط الترفيف Dewey Decimal Classification
Koha [default] item type كتاب
260 ## - PUBLICATION, DISTRIBUTION, ETC. (IMPRINT)
-- الاسكندرية :
-- دار الوفاء لدنيا الطباعة و النشر ،
Holdings
حالة التراجع حالة الفقد حالة تلف ليس للاعارة المكان المؤقت الموقع الحالى تاريخ الاكتساب اجمالي اﻻعارات رقم الطلب الباركود تاريخ اخر مشاهدة تاريخ تفعيل السعر نوع وعاء كوها
        مكتبة القاهرة الكبرى مكتبة القاهرة الكبرى 01/03/2016   616.9803\ م ت 161114 01/03/2016 01/03/2016 كتاب

Powered By

EGPV